|
|
|
|
| LEADER |
01744nam a2200445 a 4500 |
| 001 |
nkc20081818547 |
| 003 |
CZ PrNK |
| 005 |
20081114134904.0 |
| 007 |
ta |
| 008 |
080909s2008 xr e p 000 0 cze |
| 015 |
|
|
|a cnb001818547
|
| 020 |
|
|
|a 978-80-248-1810-8
|q (brož.)
|
| 035 |
|
|
|a (OCoLC)271611594
|
| 040 |
|
|
|a BOA001
|b cze
|
| 043 |
|
|
|a e-xr---
|
| 072 |
|
7 |
|a 349
|x Pracovní, sociální, stavební právo. Právo životního prostředí
|2 Konspekt
|9 16
|
| 072 |
|
7 |
|a 37.016
|x Učební osnovy. Vyučovací předměty. Učebnice
|2 Konspekt
|9 22
|
| 080 |
|
|
|a 349.2
|2 MRF
|
| 080 |
|
|
|a (437.3)
|2 MRF
|
| 080 |
|
|
|a (075.8)
|2 MRF
|
| 100 |
1 |
|
|a Martiníková, Jana,
|d 1964-
|7 ola2003206211
|4 aut
|
| 245 |
1 |
0 |
|a Vybrané kapitoly z pracovního práva /
|c Jana Martiníková
|
| 250 |
|
|
|a 1. vyd.
|
| 260 |
|
|
|a Ostrava :
|b VŠB - Technická univerzita Ostrava,
|c 2008
|
| 300 |
|
|
|a 84 s. ;
|c 29 cm
|
| 500 |
|
|
|a Nad názvem: Vysoká škola báňská - Technická univerzita Ostrava, EkF
|
| 500 |
|
|
|a 500 výt.
|
| 504 |
|
|
|a Obsahuje bibliografii
|
| 521 |
8 |
|
|a Určeno pro posluchače 2., 3. a 4. roč. Mgr. a kombinovaného studia EkF
|
| 650 |
0 |
7 |
|a pracovní právo
|7 ph115872
|z Česko
|2 czenas
|
| 650 |
0 |
9 |
|a labor laws and legislation
|z Czechia
|2 eczenas
|
| 655 |
|
7 |
|a učebnice vysokých škol
|7 fd133772
|2 czenas
|
| 655 |
|
9 |
|a textbooks (higher)
|2 eczenas
|
| 710 |
2 |
|
|a Vysoká škola báňská - Technická univerzita Ostrava.
|b Ekonomická fakulta
|7 kn20010709388
|
| 910 |
2 |
|
|a BOA001
|b 3-1210.624
|
| 928 |
9 |
|
|a Vysoká škola báňská - Technická univerzita Ostrava
|
| 990 |
|
|
|a BK
|
| 995 |
|
|
|a 01
|
| 991 |
|
|
|b 200809
|c NOV
|
| 996 |
6 |
|
|b 2610353479
|c 3-1210.624
|l MZK
|r Sklad / do 1 hodiny
|n 1
|p p.v.
|w 000911567
|u 000010
|a 1
|e BOA001
|j MZK50
|s P
|